| 000 | 00000nam 2200000za 4500 |
| 001 | 9.849085 |
| 003 | CaOODSP |
| 005 | 20250203094256 |
| 007 | cr ||||||||||| |
| 008 | 171220s2018 bcca o f000 0 ||| d |
| 020 | |a9780660243412 |
| 040 | |aCaOODSP|bfre |
| 041 | 7|aikt|2iso639-3 |
| 043 | |an-cn--- |
| 086 | 1 |aCP32-163/1-1-2017Ikt-PDF|zCP32-163/1-1-2017Inq-PDF |
| 110 | 2 |aEnquête nationale sur les femmes et les filles autochtones disparues et assassinées (Canada) |
| 245 | 10|a[Résumé du rapport d'étape, Nos femmes et nos filles sont sacrées] |h[ressource électronique] / |c[l'Enquête nationale sur les femmes et les filles autochtones disparues et assassinées]. |
| 246 | 16|a[Nos femmes et nos filles sont sacrées] : |b[résumé du rapport d'étape] |
| 250 | |a[Édition inuinnaqtun]. |
| 260 | |aVancouver : |b[l'Enquête nationale sur les femmes et les filles autochtones disparues et assassinées], |c2018. |
| 300 | |a[16] p. : |bill. en coul. |
| 500 | |aTitre de la couv. |
| 500 | |aTitre en français fourni par l’éditeur. |
| 500 | |aPublié aussi en français sous le titre : Résumé du rapport d'étape, Nos femmes et nos filles sont sacrées. |
| 520 | |a« Ce Rapport Provisoire présente les résultats et les défis rencontrés à ce jour, formule des recommandations, et sert de plan pour faire progresser l’Enquête nationale sur les femmes et les filles autochtones disparues et assassinées » -- Fourni par l'éditeur. |
| 546 | |aTexte en inuinnaqtun. |
| 692 | 07|2gccst|aAutochtones |
| 692 | 07|2gccst|aViolence faite aux femmes |
| 692 | 07|2gccst|aCommission d'enquête |
| 710 | 1 |aCanada. |bBureau du Conseil privé. |
| 775 | 08|tRésumé du rapport d'étape, Nos femmes et nos filles sont sacrées |w(CaOODSP)9.849078 |
| 791 | |t[Executive summary from the interim report, Our Women and Girls are Sacred] |eeng|w(CaOODSP)9.849084 |
| 856 | 40|qPDF|s6.44 Mo|uhttps://publications.gc.ca/collections/collection_2018/ffada-mmiwg/CP32-163-1-1-2017-inq.pdf |